LEADER 01583nam 2200457 450 001 996475770203316 005 20231110225617.0 010 $a3-031-07469-6 035 $a(MiAaPQ)EBC7001373 035 $a(Au-PeEL)EBL7001373 035 $a(CKB)22898392800041 035 $a(PPN)26878213X 035 $a(EXLCZ)9922898392800041 100 $a20221218d2022 uy 0 101 0 $aeng 135 $aurcnu|||||||| 181 $ctxt$2rdacontent 182 $cc$2rdamedia 183 $acr$2rdacarrier 200 00$aImplementation and application of automata $e26th International Conference, CIAA 2022, Rouen, France, June 28-July 1, 2022, Proceedings /$fedited by Pascal Caron and Ludovic Mignot 210 1$aCham, Switzerland :$cSpringer,$d[2022] 210 4$dİ2022 215 $a1 online resource (258 pages) 225 1 $aLecture Notes in Computer Science ;$vv.13266 300 $aIncludes index. 311 08$aPrint version: Caron, Pascal Implementation and Application of Automata Cham : Springer International Publishing AG,c2022 9783031074684 410 0$aLecture Notes in Computer Science 606 $aData structures (Computer science) 606 $aComputational complexity 615 0$aData structures (Computer science) 615 0$aComputational complexity. 676 $a004 702 $aCaron$b Pascal 702 $aMignot$b Ludovic 801 0$bMiAaPQ 801 1$bMiAaPQ 801 2$bMiAaPQ 906 $aBOOK 912 $a996475770203316 996 $aImplementation and Application of Automata$93552118 997 $aUNISA LEADER 01183nam 2200265la 450 001 9910481484003321 005 20230503102743.0 035 $a(UK-CbPIL)2090362934 035 $a(CKB)5500000000105676 035 $a(EXLCZ)995500000000105676 100 $a20230503d1560 uy | 101 0 $alat 135 $aurcn||||a|bb| 200 13$a1: M. Tullii Ciceronis De philosophia, prima pars, Academicarum quaestionum editionis primae liber secundus, editionis secundae liber primus. De finibus bonorum & malorum libri 5. Tusculanarum quaestionum libri 5 210 $aVenice $cPaolo Manuzio, 1512-1574$d1560 215 $aOnline resource (286, &! c.) 300 $aReproduction of original in Biblioteca Nazionale Centrale di Firenze. 700 $aManuzio$b Paolo$f1512-1574.$0327584 701 $aManuzio$b Paolo$f1512-1574.$0327584 801 0$bUk-CbPIL 801 1$bUk-CbPIL 906 $aBOOK 912 $a9910481484003321 996 $a1: M. Tullii Ciceronis De philosophia, prima pars, Academicarum quaestionum editionis primae liber secundus, editionis secundae liber primus. De finibus bonorum & malorum libri 5. Tusculanarum quaestionum libri 5$92228624 997 $aUNINA